00331nam a2200109Ia 4500008004100000082001500041082000800056245008600064245003100150260003100181300000900212231017s9999 xx 000 0 und d a363.739BRI bBRI 0a"The Four Rs of Environmental Dredging: Resuspension, Release, Residual and Risk" 0cUS Army Corps of Engineers bUS Army Corps of Engineers c30cm